LEADER 02471oas 2200949 a 450 001 9910147268203321 005 20260218112450.0 011 $a1522-1229 035 $a(OCoLC)40063806 035 $a(CONSER)sn 99004804 035 $a(CKB)954926460659 035 $a(DE-599)ZDB1477338-7 035 $a(DE-599)1477338-7 035 $a(EXLCZ)99954926460659 100 $a19981008a19899999 sy a 101 0 $aeng 135 $aurcnu|||||||| 181 $ctxt$2rdacontent 182 $cc$2rdamedia 183 $acr$2rdacarrier 200 10$aAdvances in physiology education 210 $aBethesda, Md. $cAmerican Physiological Society ;$a[Stanford, Calif.?] $cHighWire Press 300 $aRefereed/Peer-reviewed 311 08$a1043-4046 517 1 $aAJP: Advances in physiology education 517 3 $aAmerican journal of physiology. 531 0 $aAdv. physiol. educ. 531 00$aAdvan. in physiol. edu. 606 $aPhysiology$xStudy and teaching$vPeriodicals 606 $aPhysiology$xeducation 606 $aTeaching$xmethods 606 $aPhysiologie$xE?tude et enseignement$vPe?riodiques 606 $aPhysiology$xStudy and teaching$2fast$3(OCoLC)fst01063196 608 $aPeriodical. 608 $aperiodicals.$2aat 608 $aPeriodicals.$2fast 608 $aPeriodicals.$2lcgft 608 $aPe?riodiques.$2rvmgf 615 0$aPhysiology$xStudy and teaching 615 12$aPhysiology$xeducation. 615 22$aTeaching$xmethods. 615 6$aPhysiologie$xE?tude et enseignement 615 7$aPhysiology$xStudy and teaching. 676 $a574 712 02$aAmerican Physiological Society (1887- ) 801 0$bNSD 801 1$bNSD 801 2$bIUL 801 2$bNSD 801 2$bNLM 801 2$bOCLCQ 801 2$bMYG 801 2$bWAU 801 2$bOCLCQ 801 2$bDLC 801 2$bMUQ 801 2$bCUS 801 2$bDLC 801 2$bOCLCQ 801 2$bDLC 801 2$bOCLCQ 801 2$bOCLCO 801 2$bOCLCQ 801 2$bOCLCF 801 2$bEUW 801 2$bOCLCQ 801 2$bOCLCO 801 2$bOCLCQ 801 2$bU3W 801 2$bOCLCQ 801 2$bOCLCL 801 2$bUAB 801 2$bCEF 801 2$bW2U 801 2$bUWO 801 2$bADU 801 2$bS2H 801 2$bOCLCQ 906 $aJOURNAL 912 $a9910147268203321 996 $aAdvances in physiology education$9802454 997 $aUNINA